Normal view
MARC view
- Renewable energy sources
Entry Topical Term
001 - CONTROL NUMBER
- control field: 27708
003 - CONTROL NUMBER IDENTIFIER
- control field: NUST
005 - DATE AND TIME OF LATEST TRANSACTION
- control field: 20200117105758.0
008 - FIXED-LENGTH DATA ELEMENTS
- fixed length control field: 200117|| aca||aabn | a|a d
040 ## - CATALOGING SOURCE
- Original cataloging agency: NUST
- Transcribing agency: NUST
150 ## - HEADING--TOPICAL TERM
- Topical term or geographic name entry element: Renewable energy sources
670 ## - SOURCE DATA FOUND
- Source citation: Work cat.: (NUST): Stefano Pogutz 27706, Innovation, markets and sustainable energy :, c2009.
